Statistics for Members of VIXX (Kpop)

Click here to take the quiz!

General Stats

  • This quiz has been taken 266 times
  • The average score is 5 of 6

Answer Stats

Answer% Correct
Ravi
96%
N
94%
Leo
93%
Ken
91%
Hyuk
86%
Hongbin
83%

Score Distribution

Percentile by Number Answered

Percent of People with Each Score

Your Score History

You have not taken this quiz